[Event "EU-ch U16 28th"]
[Site "Riga"]
[Date "2018.08.21"]
[Round "2"]
[White "Angst, Oliver"]
[Black "Petrovs, Jaroslavs"]
[Result "0-1"]
[WhiteElo "2061"]
[BlackElo "1833"]
[PlyCount "52"]
[EventDate "2018.08.20"]
[EventType "swiss"]
[EventRounds "9"]
[EventCountry "LAT"]
[SourceTitle "CBM 186 Extra"]
[Source "ChessBase"]
[SourceDate "2018.08.24"]
[SourceVersion "1"]
[SourceVersionDate "2018.08.24"]
[SourceQuality "1"]

1. e4 c5 2. Nc3 Nc6 3. Bb5 g6 4. Bxc6 bxc6 5. d3 Bg7 6. f4 d5 7. Nf3 Rb8 8. Qe2 Nf6 9. 0-0 0-0 10. Rb1 Ne8 11. Na4 Rb4 12. b3 dxe4 13. dxe4 Nd6 14. Nxc5 Qa5 15. Be3 Nxe4 16. Nxe4 Rxe4 17. Ng5 Bg4 18. Qf2 Rxe3 19. Qxe3 Qxa2 20. Qxe7 Bf5 21. Rbd1 Bxc2 22. Rd7 Bxb3 23. f5 Bd5 24. Nf3 gxf5 25. h4 Qb2 26. Rd8 Qb6+ 0-1

[Event "EU Union-ch U14"]
[Site "Kouty nad Desnou"]
[Date "2015.08.26"]
[Round "8"]
[White "Vitova, Anna"]
[Black "Petrovs, Jaroslavs"]
[Result "0-1"]
[WhiteElo "1706"]
[BlackElo "1664"]
[PlyCount "52"]
[EventDate "2015.08.19"]
[EventType "swiss"]
[EventRounds "9"]
[EventCountry "CZE"]
[SourceTitle "EXT 2016"]
[Source "ChessBase"]
[SourceDate "2015.10.08"]
[SourceVersion "1"]
[SourceVersionDate "2015.10.08"]
[SourceQuality "1"]

1. e4 c5 2. Nf3 Nc6 3. c3 e5 4. Bb5 Nge7 5. d4 cxd4 6. cxd4 exd4 7. Nxd4 g6 8. Be3 Bg7 9. Nc3 0-0 10. 0-0 a6 11. Be2 b5 12. a3 Bb7 13. f4 d5 14. e5 Nxd4 15. Bxd4 Nf5 16. Bf3 Rc8 17. Bf2 Ne7 18. Rc1 Ba8 19. Nxd5 Rxc1 20. Nxe7+ Qxe7 21. Qxc1 Bxf3 22. Bc5 Qe6 23. Bxf8 Bxg2 24. Kxg2 Qd5+ 25. Kg1 Bxf8 26. Rd1 Bc5+ 0-1

[Event "EU Union-ch U14"]
[Site "Kouty nad Desnou"]
[Date "2015.08.23"]
[Round "5"]
[White "Ferkova, Dominika"]
[Black "Petrovs, Jaroslavs"]
[Result "1-0"]
[WhiteElo "1874"]
[BlackElo "1664"]
[PlyCount "96"]
[EventDate "2015.08.19"]
[EventType "swiss"]
[EventRounds "9"]
[EventCountry "CZE"]
[SourceTitle "EXT 2016"]
[Source "ChessBase"]
[SourceDate "2015.10.08"]
[SourceVersion "1"]
[SourceVersionDate "2015.10.08"]
[SourceQuality "1"]

1. d4 d5 2. c4 e6 3. Nc3 Bb4 4. Nf3 Nf6 5. Qc2 c6 6. Bd2 h6 7. e3 g5 8. h3 Na6 9. c5 Nc7 10. Bd3 Bxc3 11. Bxc3 Qe7 12. Ba5 0-0 13. 0-0-0 b6 14. cxb6 axb6 15. Bxb6 Na6 16. Bxa6 Bxa6 17. Bc5 Qb7 18. Bxf8 Kxf8 19. b3 Ne4 20. Ne5 Kg7 21. g4 c5 22. dxc5 Nxc5 23. Kb1 Rc8 24. Rc1 Qb6 25. Ka1 Qa7 26. Qd2 Bc4 27. Qb2 Nxb3+ 28. Kb1 Nd4 29. Rxc4 dxc4 30. Qxd4 Qb7+ 31. Kc2 Qxh1 32. Nd7+ Kg8 33. Nf6+ Kf8 34. Qd6+ Kg7 35. Nh5+ Kg8 36. Qe5 Kf8 37. Qh8+ Ke7 38. Qxc8 Qd5 39. Qc7+ Kf8 40. Qb8+ Ke7 41. Qa7+ Kf8 42. Qd4 Qa5 43. Qxc4 Ke7 44. a4 Qe1 45. Qc5+ Kd8 46. Qc3 Qxf2+ 47. Qd2+ Qxd2+ 48. Kxd2 Ke8 1-0